000 00475nam a2200181Ia 4500
001 2758
005 20260306144830.0
008 260306t1997||||xx |||||||||||||| ||spa||
041 _aESP
082 _a226.3
_bM87
100 _aMosconi, Luis
_eAUT
245 0 _aEvangelio de Jesús según Marcos:
_bpara cristianos y cristianas rumbo al nuevo milenio
260 _c1997
300 _a142 páginas :
_c21 cm.
650 _aGEN
654 _aCHU
942 _cLIB
_dJUS
_fJUS
_2ddc
_n
999 _c2758
_d2758